<?xml version="1.0" encoding="UTF-8"?>
<record
    xmlns:xsi="http://www.w3.org/2001/XMLSchema-instance"
    xsi:schemaLocation="http://www.loc.gov/MARC21/slim http://www.loc.gov/standards/marcxml/schema/MARC21slim.xsd"
    xmlns="http://www.loc.gov/MARC21/slim">

  <leader>00908nam a22002057a 4500</leader>
  <controlfield tag="003">0</controlfield>
  <controlfield tag="005">20250117093520.0</controlfield>
  <controlfield tag="008">250116b        xxu||||| |||| 00| 0 eng d</controlfield>
  <datafield tag="050" ind1=" " ind2=" ">
    <subfield code="a">RT 86.7</subfield>
    <subfield code="b">.L86 2024</subfield>
  </datafield>
  <datafield tag="100" ind1=" " ind2=" ">
    <subfield code="a">Loon, Derek Miles A. </subfield>
  </datafield>
  <datafield tag="245" ind1=" " ind2=" ">
    <subfield code="a">A correlational study of student clinical experience and employment onboarding programs among newly hired nurses in Las Pinas Hospitals</subfield>
    <subfield code="c">Derek Miles A. Loon [and five others]</subfield>
  </datafield>
  <datafield tag="260" ind1=" " ind2=" ">
    <subfield code="a">Las Pinas City</subfield>
    <subfield code="b">Southville International School and Colleges</subfield>
    <subfield code="c">2024</subfield>
  </datafield>
  <datafield tag="300" ind1=" " ind2=" ">
    <subfield code="a">ix, 84 pages :</subfield>
    <subfield code="b">illustrations ;</subfield>
    <subfield code="c">29cm.</subfield>
  </datafield>
  <datafield tag="504" ind1=" " ind2=" ">
    <subfield code="a">Includes bibliographical references and appendices. </subfield>
  </datafield>
  <datafield tag="650" ind1=" " ind2=" ">
    <subfield code="a">Nursing students&#x2014;Clinical experience&#x2014;Philippines.</subfield>
  </datafield>
  <datafield tag="650" ind1=" " ind2=" ">
    <subfield code="a">Nurses&#x2014;Employment&#x2014;Philippines.</subfield>
  </datafield>
  <datafield tag="650" ind1=" " ind2=" ">
    <subfield code="a">Employee orientation programs&#x2014;Hospitals&#x2014;Philippines.</subfield>
  </datafield>
  <datafield tag="650" ind1=" " ind2=" ">
    <subfield code="a">Hospital workforce integration&#x2014;Las Pi&#xF1;as City.</subfield>
  </datafield>
  <datafield tag="942" ind1=" " ind2=" ">
    <subfield code="2">lcc</subfield>
    <subfield code="c">TH</subfield>
  </datafield>
  <datafield tag="999" ind1=" " ind2=" ">
    <subfield code="c">367005</subfield>
    <subfield code="d">367005</subfield>
  </datafield>
  <datafield tag="952" ind1=" " ind2=" ">
    <subfield code="0">0</subfield>
    <subfield code="1">0</subfield>
    <subfield code="2">lcc</subfield>
    <subfield code="4">0</subfield>
    <subfield code="a">CL</subfield>
    <subfield code="b">CL</subfield>
    <subfield code="c">THESES</subfield>
    <subfield code="d">2025-01-16</subfield>
    <subfield code="e">DONATION</subfield>
    <subfield code="l">0</subfield>
    <subfield code="o">RT 86.7 .L86 2024</subfield>
    <subfield code="p">T1277</subfield>
    <subfield code="r">2025-01-16 00:00:00</subfield>
    <subfield code="w">2025-01-16</subfield>
    <subfield code="y">TH</subfield>
  </datafield>
</record>
